|
|
|
|
| LEADER |
00000naa2a2200000 4500 |
| 001 |
162786 |
| 005 |
20231031160541.0 |
| 035 |
|
|
|a (RuTPU)RU\TPU\book\176570
|
| 090 |
|
|
|a 162786
|
| 100 |
|
|
|a 20090626d2008 k y0rusy50 ca
|
| 101 |
0 |
|
|a rus
|
| 102 |
|
|
|a RU
|
| 200 |
1 |
|
|a Учебно-лабораторный комплекс " Стенд для шлифования фаски тарелок клапана ГРМ"
|f Р. Ф. Гадиров [и др.]
|g науч. рук. П. К. Логинов ; науч. рук. В. Ф. Ишков
|
| 463 |
|
0 |
|0 (RuTPU)RU\TPU\book\164855
|t Труды XII региональной научно-практической конференции студентов и учащейся молодежи "Прогрессивные технологии и экономика в машиностроении"
|o [сборник]
|f Томский политехнический университет (ТПУ), Юргинский технологический институт (ЮТИ)
|v С. 102-103
|d 2008
|p 225 с.
|
| 610 |
1 |
|
|a шлифование
|
| 610 |
1 |
|
|a стенды
|
| 610 |
1 |
|
|a учебно-лабораторные комплексы
|
| 610 |
1 |
|
|a сельскохозяйственная техника
|
| 610 |
1 |
|
|a ремонт
|
| 610 |
1 |
|
|a детали
|
| 610 |
1 |
|
|a тракторы
|
| 610 |
1 |
|
|a труды учёных ТПУ
|
| 701 |
|
1 |
|a Гадиров
|b Р. Ф.
|
| 701 |
|
1 |
|a Дуденко
|b А. П.
|
| 701 |
|
1 |
|a Михненко
|b Е. Л.
|
| 701 |
|
1 |
|a Степанов
|b Д. С.
|
| 702 |
|
1 |
|a Логинов
|b П. К.
|4 727
|
| 702 |
|
1 |
|a Ишков
|b В. Ф.
|4 727
|
| 801 |
|
1 |
|a RU
|b 63413507
|c 20090626
|g PSBO
|
| 942 |
|
|
|c BK
|